[Event "Aragon-chT Preferente Gr I"]
[Site "Aragon"]
[Date "2022.03.26"]
[Round "9.36"]
[White "Carruez Gracia, Eduardo"]
[Black "Galvez Longas, Isaac"]
[Result "1/2-1/2"]
[WhiteElo "1934"]
[BlackElo "1702"]
[PlyCount "72"]
[EventDate "2022.01.29"]
[EventType "team-tourn"]
[EventRounds "9"]
[EventCountry "ESP"]
[SourceTitle "EXT 2024"]
[Source "ChessBase"]
[SourceDate "2023.10.10"]
[SourceVersion "1"]
[SourceVersionDate "2023.10.10"]
[SourceQuality "1"]
[WhiteTeam "Agrupacion II"]
[BlackTeam "Ejea"]
[WhiteTeamCountry "ESP"]
[BlackTeamCountry "ESP"]

1. e4 d5 2. exd5 Qxd5 3. Nc3 Qd6 4. b4 c6 5. Nf3 Nf6 6. a3 Bf5 7. Bc4 e6 8. 0-0 Be7 9. h3 h6 10. Ne2 0-0 11. d3 Nd5 12. Nfd4 Bh7 13. Bb2 Bf6 14. Qd2 Nd7 15. Ba2 a6 16. c4 Nc7 17. Rad1 c5 18. Nf3 Rfd8 19. d4 cxd4 20. Nexd4 Ne5 21. Nxe5 Bxe5 22. Qe2 Bxd4 23. Rxd4 Qe7 24. Rg4 Ne8 25. Qe5 f6 26. Qe3 Bf5 27. Rf4 Qd7 28. c5 Kh8 29. g4 Bg6 30. Bxe6 Qd2 31. Bd4 Qxe3 32. fxe3 Nc7 33. Bc4 Re8 34. h4 Ne6 35. R4f2 Rad8 36. Bc3 Bd3 1/2-1/2

[Event "Zaragoza Province-ch Primera"]
[Site "Zaragoza"]
[Date "2015.10.25"]
[Round "4"]
[White "Martinez Saenz, Esteban"]
[Black "Galvez Longas, Isaac"]
[Result "1-0"]
[WhiteElo "1761"]
[BlackElo "1718"]
[PlyCount "78"]
[EventDate "2015.09.27"]
[EventType "swiss"]
[EventRounds "6"]
[EventCountry "ESP"]
[SourceTitle "CBM 170 Extra"]
[Source "ChessBase"]
[SourceDate "2016.02.25"]
[SourceVersion "1"]
[SourceVersionDate "2016.02.25"]
[SourceQuality "1"]

1. d4 Nf6 2. Nf3 d5 3. e3 Bg4 4. c4 Bxf3 5. gxf3 c6 6. Qb3 Qc7 7. cxd5 Nxd5 8. Nc3 e6 9. Nxd5 exd5 10. Bd2 Nd7 11. Bd3 Nf6 12. Qc2 Bd6 13. h3 Qb6 14. 0-0 Rc8 15. b4 Bb8 16. Rfc1 a6 17. a4 Qc7 18. f4 g5 19. Bf5 gxf4 20. exf4 Nh5 21. Re1+ Kd8 22. Bxc8 Qxc8 23. Ra3 Bxf4 24. Kh1 Ng3+ 25. Rxg3 Bxg3 26. Bg5+ Kc7 27. fxg3 Qxh3+ 28. Qh2 Qg4 29. Bf4+ Kb6 30. Qc2 Ka7 31. b5 Rg8 32. b6+ Ka8 33. Qe2 Qh3+ 34. Qh2 Qg4 35. Qxh7 Rc8 36. Kg2 Qd7 37. Qh4 Re8 38. Rxe8+ Qxe8 39. Be5 Qf8 1-0

[Event "Zaragoza Primavera op 3rd"]
[Site "Zaragoza"]
[Date "2015.05.24"]
[Round "6"]
[White "Galvez Longas, Isaac"]
[Black "Arrieta Otero, German"]
[Result "1/2-1/2"]
[WhiteElo "1697"]
[BlackElo "1850"]
[PlyCount "56"]
[EventDate "2015.04.12"]
[EventType "swiss"]
[EventRounds "9"]
[EventCountry "ESP"]
[SourceTitle "EXT 2016"]
[Source "ChessBase"]
[SourceDate "2015.10.08"]
[SourceVersion "1"]
[SourceVersionDate "2015.10.08"]
[SourceQuality "1"]

1. c4 e5 2. Nc3 Nf6 3. g3 Nc6 4. Bg2 Be7 5. e3 d6 6. Nge2 Be6 7. d3 d5 8. b3 a6 9. 0-0 Rb8 10. Bb2 Qd7 11. f4 d4 12. exd4 exd4 13. Ne4 Bh3 14. Nxf6+ Bxf6 15. Ba3 Bxg2 16. Kxg2 Ne7 17. Re1 0-0 18. Bxe7 Bxe7 19. Ng1 Rfe8 20. Qf3 Bb4 21. Rxe8+ Qxe8 22. Qe4 Qxe4+ 23. dxe4 Re8 24. Kf3 f6 25. Rd1 c5 26. Nh3 Kf7 27. Nf2 Ba5 28. Nd3 Rc8 1/2-1/2

[Event "Zaragoza Primavera op 3rd"]
[Site "Zaragoza"]
[Date "2015.04.26"]
[Round "3"]
[White "Galvez Longas, Isaac"]
[Black "Moreno Martin Viveros, Alvaro"]
[Result "1/2-1/2"]
[WhiteElo "1697"]
[BlackElo "1838"]
[PlyCount "35"]
[EventDate "2015.04.12"]
[EventType "swiss"]
[EventRounds "9"]
[EventCountry "ESP"]
[SourceTitle "EXT 2016"]
[Source "ChessBase"]
[SourceDate "2015.10.08"]
[SourceVersion "1"]
[SourceVersionDate "2015.10.08"]
[SourceQuality "1"]

1. c4 e5 2. Nc3 Nc6 3. Nf3 g6 4. d4 exd4 5. Nxd4 Bg7 6. Nxc6 bxc6 7. Qc2 h6 8. b3 Nf6 9. Bb2 0-0 10. e3 Re8 11. Bd3 Bb7 12. 0-0 Rc8 13. Ne2 d5 14. Rad1 Qe7 15. Nf4 Red8 16. Rfe1 Rd7 17. h3 Rcd8 18. c5 1/2-1/2